"Pensar globalmente, actuar locamente". La COVID-19 y la salud laboral (Registro nro. 29855)

Detalles MARC
000 -LEADER
fixed length control field 00350 a2200109 4500
001 - CONTROL NUMBER
control field ART_50865
005 - DATE AND TIME OF LATEST TRANSACTION
control field 20260410161945.0
008 - FIXED-LENGTH DATA ELEMENTS--GENERAL INFORMATION
fixed length control field 260409a
100 1# - MAIN ENTRY--PERSONAL NAME
Personal name Favier, Daniela
245 10 - TITLE STATEMENT
Title "Pensar globalmente, actuar locamente". La COVID-19 y la salud laboral
773 0# - HOST ITEM ENTRY
Title Temas de derecho laboral
Related parts - N° 5 (mayo 2020)
Record control number REV27619

No hay ítems disponibles.